Faculty of Law Library — Cairo University

Official Online Catalog

Investigating internet crimes : (Record no. 52958)

MARC details
000 -LEADER
fixed length control field 01056cac a2200313 i 4500
003 - CONTROL NUMBER IDENTIFIER
control field EG-GICUC
005 - DATE AND TIME OF LATEST TRANSACTION
control field 20260121101545.0
008 - FIXED-LENGTH DATA ELEMENTS--GENERAL INFORMATION
fixed length control field 131017s2014 mau frb 001 0 eng d
020 ## - INTERNATIONAL STANDARD BOOK NUMBER
International Standard Book Number 9780124078178
Qualifying information alk. paper
040 ## - CATALOGING SOURCE
Original cataloging agency DLC
Language of cataloging eng
Transcribing agency DLC
Description conventions rda
Modifying agency DLC
-- EG-GICUC
050 00 - LIBRARY OF CONGRESS CALL NUMBER
Classification number HV8079.C65
Item number S55 2014
082 00 - DEWEY DECIMAL CLASSIFICATION NUMBER
Classification number 343.41
Edition number 21
092 04 - LOCALLY ASSIGNED DEWEY CALL NUMBER (OCLC)
Edition number 21
099 ## - LOCAL FREE-TEXT CALL NUMBER (OCLC)
Classification number Law 10 2014
100 1# - MAIN ENTRY--PERSONAL NAME
Personal name Shipley, Todd G.,
Relator term
245 10 - TITLE STATEMENT
Title Investigating internet crimes :
Remainder of title an introduction to solving crimes in cyberspace /
Statement of responsibility, etc. Todd Shipley, Art Bowker ; technical editor, Nick Selby.
264 #1 - PRODUCTION, PUBLICATION, DISTRIBUTION, MANUFACTURE, AND COPYRIGHT NOTICE
Place of production, publication, distribution, manufacture Waltham, MA :
Name of producer, publisher, distributor, manufacturer Syngress,
Date of production, publication, distribution, manufacture, or copyright notice 2014.
300 ## - PHYSICAL DESCRIPTION
Extent xxiii, 472 pages ;
Dimensions 24 cm
336 ## - CONTENT TYPE
Content type term text
Source rdacontent
337 ## - MEDIA TYPE
Media type term unmediated
Source rdamedia
338 ## - CARRIER TYPE
Carrier type term volume
Source rdacarrier
504 ## - BIBLIOGRAPHY, ETC. NOTE
Bibliography, etc. note Includes bibliographical references and index.
650 #0 - SUBJECT ADDED ENTRY--TOPICAL TERM
Topical term or geographic name entry element Computer crimes
General subdivision Investigation.
700 1# - ADDED ENTRY--PERSONAL NAME
Personal name Bowker, Art.
700 1# - ADDED ENTRY--PERSONAL NAME
Personal name Selby, Nick,
Relator term editor.
856 40 - ELECTRONIC LOCATION AND ACCESS
Uniform Resource Identifier <a href="https://fll.law.cu.edu.eg/fulltext/bks/ENGB10-00111.pdf">https://fll.law.cu.edu.eg/fulltext/bks/ENGB10-00111.pdf</a>
905 ## - Cataloger and Reviser Names
Cataloger Name: Hend El khosy
942 ## - ADDED ENTRY ELEMENTS (KOHA)
Source of classification or shelving scheme Dewey Decimal Classification
Koha item type Books
Edition 21
Suppress in OPAC No
Holdings
Withdrawn status Lost status Source of classification or shelving scheme Damaged status Not for loan Collection Home library Current library Date acquired Total checkouts Full call number Barcode Date last seen Copy number Price effective from Koha item type Public note
    Dewey Decimal Classification     القانون الجنائي جــــامعة القــاهرة مكتبة كلية الحقوق - فـرع الشيخ زايد 05.01.2026   Law2 10 343.41 SH . I 2014 1000156 C1 ENGB10-00156 05.01.2026 1 05.01.2026 Books 641
    Dewey Decimal Classification     القانون الجنائي جــــامعة القــاهرة مكتبة كلية الحقوق - فـرع الشيخ زايد 05.01.2026   Law2 10 343.41 SH . I 2014 1000157 C2 ENGB10-00157 05.01.2026 2 05.01.2026 Books 642

© All rights reserved — Faculty of Law, Cairo University